1691 1636 1738 1882 1022 1923 1336 1866 1595 1608 1644 1323 1068 1982 1870 1840 1905 1101 1704 1438 1843 1281 1034 1796 1893 1115 1619 1225 1962 1021 1786 1392 1336 1332 1477 1767 1131 1498 1194 1794 1696 1623 1348 1002 1053 1141 1884 1530 1027 1260 1633 1824 1075 1929 1615 1357 1632 1626 1827 1289 1652 1721 1965 1756 1112 1496 1043 1510 1641 1389 1161 1566 1726 1774 1821 1433 1494 1007 1404 1451 1779 1262 1266 1942 1210 1162 1076 1166 1921 1355 1002 1213 1942 1956 1984 1862 1353 1585 1897 BCNSPRNW ULIB Ver.6.0+V

เปลี่ยนเป็นภาษาไทย

Change to English
 แสดงรายละเอียดบรรณานุกรม
  กลับหน้าหลัก

Brief Record : Get Marc (ISO 2709) : E-mail record : QR code < ปิดหน้าต่าง
LEADER : 00000nam 2200000uu 4500
001    13399110163
003     ULIB
008    110425s2548||||th 000 0 tha d
020    9789742986896
060 04 QS4^bจ276ส 2548
245 00 กายวิภาคศาสตร์ = ^bessential atlas of anatomy /^c[จินตนา เวชสวัสด์, แปล ; วิริยะ สิริสิงห, บรรณาธิการ]
246 31 Essential atlas of anatomy
250    พิมพ์ครั้งที่ 1
260    กรุงเทพฯ :^bสุวีริยาสาส์น,^c2548
300    96 หน้า. :^bภาพประกอบสี ;^c31 ซม.
650  7 กายวิภาคศาสตร์
650  7 กายวิภาคศาสตร์มนุษย์
700 0  จินตนา เวชสวัสดิ์,^eผู้แปล
700 0  วิริยะ สิริสิงห,^eบรรณาธิการ
945    ^p300^l0^i14956
945    ^p300^l0^i14955
945    ^p300^l0^i14951
945    ^p300^l0^i14952
945    ^p300^l0^i14954
945    ^p300^l0^i14958
945    ^p300^l0^i14957
995    กัณชพร
999    ^aใช้งานได้ทุกระบบ
รายการนี้ยังไม่มีแท็ก
คุณยังไม่ได้ล็อกอิน คุณสามารถมีกิจกรรมร่วมกับเว็บไซต์ได้ แต่ต้องล็อกอินก่อน ::
  ล็อกอิน

รายการสื่อสารสนเทศ

ลำดับที่ ประเภท เลขเรียก/บาร์โค้ด สถานที่ สถานะ
1. วิทยาศาสตร์การแพทย์ และสุขภาพ
วิทยาศาสตร์การแพทย์ และสุขภาพ
QS4 จ276ส 2548 ฉ.2 
  Barcode: 14954
ห้องสมุดวิทยาเขตสวรรค์ประชารักษ์
►ส่วนจัดเก็บหนังสือเก่า สปร
บนชั้น
  ขอยืม

รายการใกล้เคียง
    หัวเรื่อง [กายวิภาคศาสตร์]
    หัวเรื่อง [กายวิภาคศาสตร์มนุษย์]

BibComment


ยังไม่เคยถูกคอมเมนท์

คอมเมนท์ทรัพยากรรายการนี้
  คอมเมนท์: กายวิภาคศาสตร์ ..


 Copyright 2026. Bcnsprnw @Library